[Event "Titled Tuesday intern op 27th Feb Late"]
[Site "Chess.com INT"]
[Date "2024.02.27"]
[Round "5"]
[White "Xie, Bryan"]
[Black "Goroshkov, Maksym"]
[Result "0-1"]
[WhiteElo "2266"]
[BlackElo "2336"]
[PlyCount "152"]
[EventDate "2024.02.27"]
[EventType "swiss (blitz)"]
[EventRounds "11"]
[EventCountry "USA"]
[SourceTitle "CB10_2024"]
[SourceDate "2024.03.06"]
[SourceVersion "1"]
[SourceVersionDate "2024.03.06"]
[SourceQuality "1"]

1. e4 e5 2. Nf3 d6 3. d4 Bg4 4. dxe5 Nd7 5. exd6 Bxd6 6. Be2 Ngf6 7. 0-0 Qe7 8. Nc3 0-0-0 9. h3 Bh5 10. Be3 a6 11. Re1 Nxe4 12. Nxe4 Qxe4 13. Ng5 Bxe2 14. Nxe4 Bxd1 15. Nxd6+ cxd6 16. Raxd1 Nf6 17. Bg5 Rd7 18. Bxf6 gxf6 19. Rd5 Rg8 20. Re3 Rg5 21. Rd4 Rc5 22. c3 Kc7 23. Rf4 Ra5 24. a3 f5 25. Ref3 Rb5 26. b4 Kc6 27. Rxf5 Rxf5 28. Rxf5 d5 29. Kf1 Kb5 30. Ke2 Kc4 31. Kd2 Kb3 32. Kd3 Rc7 33. Kd4 Rxc3 34. Rxf7 Rc2 35. g4 b5 36. f4 Kxa3 37. Rxh7 Kxb4 38. g5 a5 39. g6 a4 40. f5 Rg2 41. Kxd5 a3 42. Ra7 a2 43. Ke6 Kc4 44. Kf7 b4 45. g7 b3 46. Ra4+ Kc5 47. g8Q Rxg8 48. Kxg8 b2 49. Rxa2 b1Q 50. Ra5+ Kd6 51. f6 Qg6+ 52. Kh8 Qxf6+ 53. Kh7 Qh4+ 54. Kg6 Qxh3 55. Rg5 Ke6 56. Kg7 Qc3+ 57. Kg6 Qf6+ 58. Kh5 Qf3+ 59. Kh4 Kf6 60. Rg4 Qh1+ 61. Kg3 Kf5 62. Rf4+ Kg5 63. Rg4+ Kf5 64. Rf4+ Ke5 65. Rg4 Qg1+ 66. Kf3 Qh2 67. Rg5+ Kd4 68. Rg4+ Kd3 69. Rf4 Qe2+ 70. Kg3 Ke3 71. Rg4 Qf3+ 72. Kh4 Qf6+ 73. Kg3 Qd6+ 74. Kh3 Kf3 75. Rg5 Qh6+ 76. Rh5 Qxh5# 0-1

[Event "Nova Gorica op 28th"]
[Site "Nova Gorica"]
[Date "2024.02.01"]
[Round "8"]
[White "Goroshkov, Maksym"]
[Black "Privitera, Franco"]
[Result "1-0"]
[WhiteElo "2338"]
[BlackElo "1919"]
[PlyCount "295"]
[EventDate "2024.01.26"]
[EventType "swiss"]
[EventRounds "9"]
[EventCountry "SLO"]
[SourceTitle "CB06_2024"]
[SourceDate "2024.02.07"]
[SourceVersion "1"]
[SourceVersionDate "2024.02.07"]
[SourceQuality "1"]

1. e4 e6 2. e5 d5 3. exd6 cxd6 4. d4 Nf6 5. Nf3 a6 6. Bd3 Nc6 7. c3 Be7 8. Bf4 Nh5 9. Be3 Nf6 10. h3 b5 11. Bg5 Bd7 12. Bxf6 Bxf6 13. Nbd2 0-0 14. 0-0 d5 15. Nb3 b4 16. Nc5 Be7 17. cxb4 Nxb4 18. Be2 Bb5 19. Bxb5 axb5 20. Qb3 Nc6 21. Qxb5 Nxd4 22. Nxd4 Rb8 23. Ncxe6 fxe6 24. Qe2 Qb6 25. Qxe6+ Qxe6 26. Nxe6 Rf6 27. Nc7 Rd6 28. Rfe1 Kf7 29. a4 Rxb2 30. Rad1 d4 31. Nb5 Rd5 32. Rd3 Rf5 33. Rf1 Rd5 34. Nxd4 Bf6 35. Rfd1 Ra2 36. Nf3 Rxd3 37. Rxd3 Rxa4 38. g4 h6 39. Kg2 Rb4 40. Nh2 Rb2 41. Nf1 Rb5 42. Ng3 Rb2 43. Ne4 Rc2 44. Kg3 Rc1 45. f4 Rg1+ 46. Kf2 Rc1 47. Rd7+ Be7 48. Rb7 Kf8 49. f5 Rc2+ 50. Kf3 Rh2 51. Kg3 Rc2 52. Kf4 Rc4 53. Ke5 Ra4 54. Kd5 Ra5+ 55. Ke6 Ra6+ 56. Ke5 Ra5+ 57. Kf4 Ra4 58. Rb3 Bd6+ 59. Kf3 Be7 60. Nc3 Ra1 61. Nd5 Bd6 62. Rd3 Ra3 63. Rxa3 Bxa3 64. Ke4 Bb2 65. Nf4 Kf7 66. Ng6 Bf6 67. Ne5+ Ke7 68. Kd5 Bg5 69. Nd3 Bf6 70. Nf4 Bb2 71. Ke4 Kf7 72. Nd3 Ba1 73. Kd5 Kf6 74. Ke4 Kf7 75. Nf4 Bb2 76. Nh5 Ba1 77. Kf3 Bb2 78. Nf4 Ba1 79. Nd5 Be5 80. Ke4 Ba1 81. Kf4 Bb2 82. Kg3 Be5+ 83. Kh4 Bb2 84. Kh5 Be5 85. Ne3 Bf4 86. Ng2 Bd2 87. Nh4 Bc3 88. Nf3 Bb2 89. Nd2 Be5 90. Ne4 Bf4 91. h4 Be5 92. Nd2 Bf4 93. Nf3 Kf6 94. Nd4 Be5 95. Nb3 Bb2 96. Nc5 Kf7 97. Nd3 Bd4 98. Nf4 Be5 99. Nd5 Bb2 100. Nb6 Bd4 101. Nc4 Ba1 102. Na5 Bc3 103. Nc6 Bb2 104. Nd8+ Ke7 105. Ne6 Kf7 106. Nc5 Be5 107. Nb7 Bc7 108. g5 hxg5 109. hxg5 Be5 110. Nd8+ Ke8 111. Nc6 Bc3 112. Kg6 Kf8 113. Nd8 Kg8 114. Ne6 Bb2 115. Nf4 Ba1 116. Nd5 Bb2 117. Ne7+ Kf8 118. Nc6 Kg8 119. Na5 Bc3 120. Nc4 Bd4 121. Nd2 Bc3 122. Nf3 Bb2 123. Ne1 Bc3 124. Nc2 Bb2 125. Nb4 Ba1 126. Nd5 Bb2 127. Ne3 Bd4 128. Ng2 Ba1 129. Nf4 Be5 130. Nd3 Bd4 131. Ne1 Bc3 132. Nf3 Bb2 133. Ng1 Bd4 134. Ne2 Be5 135. Nc1 Bb2 136. Nd3 Bd4 137. Nb4 Bc3 138. Nd5 Be5 139. Ne7+ Kf8 140. Nc6 Bc3 141. Kh7 Bb2 142. Nb4 Bc3 143. Nd5 Be5 144. g6 Bb2 145. f6 Be5 146. f7 Bd6 147. Nb6 Ke7 148. Nc8+ 1-0

[Event "Nova Gorica op 28th"]
[Site "Nova Gorica"]
[Date "2024.01.26"]
[Round "1"]
[White "Hrescak, Ivana"]
[Black "Goroshkov, Maksym"]
[Result "0-1"]
[WhiteElo "2117"]
[BlackElo "2338"]
[PlyCount "112"]
[EventDate "2024.01.26"]
[EventType "swiss"]
[EventRounds "9"]
[EventCountry "SLO"]
[SourceTitle "CB06_2024"]
[SourceDate "2024.02.07"]
[SourceVersion "1"]
[SourceVersionDate "2024.02.07"]
[SourceQuality "1"]

1. d4 Nf6 2. c4 g6 3. Nc3 Bg7 4. e4 d6 5. f3 0-0 6. Be3 e5 7. Nge2 exd4 8. Nxd4 Nc6 9. Be2 Nh5 10. 0-0 Nf4 11. Nxc6 Nxe2+ 12. Nxe2 bxc6 13. Bd4 f6 14. Rc1 Be6 15. Qa4 Qe8 16. Qa3 c5 17. Bf2 f5 18. exf5 Bxc4 19. Rxc4 Qxe2 20. Re4 Qxb2 21. Qxb2 Bxb2 22. fxg6 hxg6 23. Re7 Rf7 24. Re2 Bf6 25. Rb1 c4 26. Rd2 Be5 27. Bd4 Re8 28. Rbd1 a5 29. Kf2 Rf5 30. g4 Rf7 31. Bxe5 Rxe5 32. Rd5 Rfe7 33. Rxe5 Rxe5 34. Rd4 Rc5 35. Ke2 c3 36. Kd1 c2+ 37. Kc1 Rc3 38. Rd2 Rxf3 39. Rxc2 c5 40. Rd2 Rf6 41. g5 Re6 42. Rf2 d5 43. Kd2 Re5 44. h4 Rf5 45. Rh2 Kf7 46. Ke3 Re5+ 47. Kd3 Re4 48. Rf2+ Ke6 49. Rf6+ Ke5 50. Rxg6 Rxh4 51. Ra6 Rh3+ 52. Kc2 Rg3 53. Rxa5 Kd4 54. Ra8 Rxg5 55. Rh8 Rg2+ 56. Kb1 Kc4 0-1

[Event "Novo Mesto op"]
[Site "Novo Mesto"]
[Date "2023.11.03"]
[Round "9"]
[White "Peric, Bernard"]
[Black "Goroshkov, Maksym"]
[Result "0-1"]
[WhiteElo "2169"]
[BlackElo "2282"]
[PlyCount "110"]
[EventDate "2023.10.28"]
[EventType "swiss"]
[EventRounds "9"]
[EventCountry "SLO"]
[SourceTitle "CB48_2023"]
[SourceDate "2023.11.29"]
[SourceVersion "1"]
[SourceVersionDate "2023.11.29"]
[SourceQuality "1"]

1. c4 Nf6 2. Nf3 g6 3. d4 Bg7 4. g3 c5 5. Bg2 0-0 6. 0-0 cxd4 7. Nxd4 Nc6 8. Nc3 Qb6 9. Nc2 d6 10. b3 Qa5 11. Nb5 a6 12. Bd2 Qd8 13. Nbd4 Nxd4 14. Nxd4 d5 15. Rc1 e5 16. Nf3 e4 17. Nd4 dxc4 18. Rxc4 Re8 19. Bg5 b5 20. Rc1 h6 21. Be3 Ng4 22. Nc2 Bb7 23. Bd4 Ne5 24. Ne3 f5 25. Ba1 Qe7 26. Nd5 Qf7 27. Nc7 Rad8 28. Nxe8 Rxd1 29. Rfxd1 Qxe8 30. Rc7 Bc6 31. Rd6 Bf8 32. Bxe5 Bxd6 33. Bxd6 Bd7 34. e3 Qe6 35. Bc5 Kf7 36. Bd4 Ke8 37. Bf1 f4 38. Rc5 Kf7 39. exf4 e3 40. Bxe3 Bc6 41. Re5 Qg4 42. f3 Qxf3 43. Bc5 Qh1+ 44. Kf2 Qxh2+ 45. Ke1 Qxg3+ 46. Kd1 Qxf4 47. Re7+ Kf6 48. Be2 Bf3 49. b4 Bxe2+ 50. Rxe2 Qg4 51. Kd2 g5 52. Rf2+ Kg6 53. Ke3 Qe6+ 54. Kf3 h5 55. Rd2 Qg4+ 0-1

[Event "Titled Tuesday intern op 24th Oct Late"]
[Site "Chess.com INT"]
[Date "2023.10.24"]
[Round "6"]
[White "Beerdsen, Thomas"]
[Black "Goroshkov, Maksym"]
[Result "1-0"]
[WhiteElo "2496"]
[BlackElo "2282"]
[PlyCount "67"]
[EventDate "2023.10.24"]
[EventType "swiss (blitz)"]
[EventRounds "11"]
[EventCountry "USA"]
[SourceTitle "Mega2024 Update 01"]
[Source "Chessbase"]
[SourceDate "2023.11.12"]
[SourceVersion "1"]
[SourceVersionDate "2023.11.12"]
[SourceQuality "1"]

1. e4 e5 2. Nf3 d6 3. d4 Bg4 4. dxe5 Nd7 5. exd6 Bxd6 6. h3 Bh5 7. Bd3 Ngf6 8. Nc3 Qe7 9. Bg5 0-0-0 10. Qe2 h6 11. Be3 Ne5 12. 0-0-0 Nxd3+ 13. cxd3 Bb4 14. Qc2 Rd6 15. Nb5 Ra6 16. a3 Bd6 17. Kb1 Bxf3 18. gxf3 Qe5 19. Nxd6+ Qxd6 20. d4 Qd7 21. d5 Re8 22. Rc1 Kb8 23. Bf4 Rc8 24. Rhd1 Ne8 25. e5 g5 26. Bg3 Ka8 27. h4 Ng7 28. hxg5 hxg5 29. Qh7 Qf5+ 30. Qxf5 Nxf5 31. d6 c6 32. d7 Rd8 33. e6 fxe6 34. Bc7 1-0

[Event "Titled Tuesday intern op 24th Oct Late"]
[Site "Chess.com INT"]
[Date "2023.10.24"]
[Round "5"]
[White "Goroshkov, Maksym"]
[Black "Hernando Rodrigo, Julio Antonio"]
[Result "1-0"]
[WhiteElo "2282"]
[BlackElo "2202"]
[PlyCount "77"]
[EventDate "2023.10.24"]
[EventType "swiss (blitz)"]
[EventRounds "11"]
[EventCountry "USA"]
[SourceTitle "Mega2024 Update 01"]
[Source "Chessbase"]
[SourceDate "2023.11.12"]
[SourceVersion "1"]
[SourceVersionDate "2023.11.12"]
[SourceQuality "1"]

1. e4 e6 2. d4 d5 3. exd5 exd5 4. c4 Bb4+ 5. Nc3 Nf6 6. Nf3 0-0 7. Be2 dxc4 8. Bxc4 Bg4 9. Be3 Nc6 10. 0-0 h6 11. h3 Bf5 12. Ne5 Nxe5 13. dxe5 Qxd1 14. Raxd1 Bxc3 15. bxc3 Ne4 16. Bd3 Bh7 17. Bd4 Rfd8 18. Rfe1 Ng5 19. Bc4 Ne6 20. Be3 Bc2 21. Rc1 Ba4 22. f4 a6 23. f5 Ng5 24. h4 Nh7 25. e6 fxe6 26. fxe6 Re8 27. g4 Kh8 28. g5 Nf8 29. Bd4 h5 30. e7 Ng6 31. Bf7 Nxh4 32. Bxe8 Nf3+ 33. Kf2 Nxe1 34. Bxa4 Nd3+ 35. Ke3 Nxc1 36. e8R+ Rxe8+ 37. Bxe8 Nxa2 38. Bxh5 Nc1 39. Bf7 1-0